| 000 | 01687nam0a2200325 4500 | ||
|---|---|---|---|
| 001 | RU\NLR\ONL2\1663 | ||
| 005 | 20250613124326.0 | ||
| 035 | _a(NLR Aleph) 009649267 | ||
| 090 |
_a9570580 _c9570580 |
||
| 100 | _a20031112d2002 |||y0rusy50 ca | ||
| 101 | 0 | _atat | |
| 102 | _aRU | ||
| 105 | _ay ||||||||| | ||
| 200 | 1 |
_aБорынгы татар эдэби мирасы. Мэула Колый хикмэтлэре _e"021700 - Филология" белгечлеге буенча студентлар очон уку-метод. кулланма _fК.С.Дэулэтшин _gРФ Мэгариф м-лыгы. Стэрлетамак дэулэт педагогия ин-ты |
|
| 210 |
_aСтэрлетамак _cСДПИ _d2002 |
||
| 215 |
_a190 б. _d20 |
||
| 320 | _aБиблиогр.: с.9-10 (13 назв.) | ||
| 541 | 1 |
_6z01790 _aХудожественное наследие древнетатарской литературы. Хикметы Мавля Кулый _eУчеб.-метод. материалы для студентов по специальности "021700 -Филология" _zrus |
|
| 600 | 0 | 1 |
_aМэула Колый _f2-ая половина XVII в. _2psbo |
| 606 | 0 |
_aТатарская литература _91252392 _3RU\NLR\auth\66512884 |
|
| 686 | 1 | _aШ5(2=Тат)44-4Мавля Колый4 | |
| 700 | 1 |
_aДэулэтшин _bК. С. _gКамил Салих улы _4070 |
|
| 790 | 1 |
_6z01541 _aДавлетшин _bК. С. _gКамиль Салихович _4070 |
|
| 801 | 0 |
_aRU _bNLR _c20031112 _gPSBO |
|
| 852 |
_aNLR _bОНЛ _jТатар./2-11841 |
||
| 942 | _cBOOK | ||
| 980 | _aNB | ||
| 980 | _aONL_RF | ||